000 00361nam a2200145Ia 4500
008 251230s9999 xx 000 0 und d
020 _a0425169871
082 _a820
_bJAN/F
100 _aJanice Graham
245 0 _aFire Bird
250 _a1st Edition
260 _aNew York
_bBerkley Books
_c1999
300 _a342p.
942 _yMuit Old Books
_cMuit Old Books
999 _c50410
_d50410